Educación formal de adultos
Uloženo v:
| Hlavní autor: | |
|---|---|
| Médium: | Kniha |
| Jazyk: | španělština |
| Vydáno: |
Santiago
PIIE
1981
|
| Témata: | |
| Tagy: |
Přidat tag
Žádné tagy, Buďte první, kdo vytvoří štítek k tomuto záznamu!
|
MARC
| LEADER | 00000nam a2200000 a 4500 | ||
|---|---|---|---|
| 001 | UCY9039 | ||
| 003 | CL-VaPUC | ||
| 008 | 950707e19810000CL |||||||||||||||||spa|d | ||
| 082 | 0 | 4 | |a 374 |b EDW |2 21 |
| 100 | 0 | |a Edwards Risopatrón, Verónica |e author |9 341023 | |
| 245 | 1 | 0 | |a Educación formal de adultos |
| 300 | |a 50 h | ||
| 942 | |c BK | ||
| 945 | |d 19950707 00:00:00 |a lriquelm | ||
| 260 | |a Santiago |b PIIE |c 1981 | ||
| 650 | 0 | |a Educación de adultos |9 307580 | |
| 650 | 7 | |a PROGRAMAS DE EDUCACION DE ADULTOS |2 CL-VaPUC |9 340823 | |
| 650 | 0 | |a Sociología de la educación |9 260380 | |
| 650 | 7 | |a EVOLUCION DE LA MATRICULA |2 CL-VaPUC |9 341024 | |
| 650 | 7 | |a METAS DE LA EDUCACION |2 CL-VaPUC |9 309160 | |
| 650 | 7 | |a ORIENTACION EDUCACIONAL |2 CL-VaPUC |9 312512 | |
| 651 | 7 | |a CHILE |2 CL-VaPUC |9 341025 | |
| 583 | |a last modification |c 19950707 00:00:00 |k Rodrigo Vera | ||
| 999 | |c 236212 |d 236210 | ||
| 952 | |0 0 |1 0 |4 0 |6 374_000000000000000_EDW_1981 |7 0 |8 P |9 244163 |a BIBEDU |b BIBEDU |c BIBEDU_PB |d 2019-11-18 |i 1527819 |o 374 EDW 1981 |p 1527819 |r 2024-01-25 |w 2019-11-18 |y BK |k EDU | ||